00616nam a2200205 a 450000500170000000800410001702000180005805000250007610000190010124500810012025000120020126000470021330000290026052100080028965000360029770000170033370000190035070000180036970000230038720140310183544.0110926s19uu xx 00 eng d a9781844452774 aQA 135.6 b.P75 2009 aMooney, Claire aPrimary mathematics :bteaching theory and practice /cClaire Mooney, et al. a4th ed. aUnited Kingdom :bLearning Matters,c2009. a186 p. :bill. ;c25 cm. aEDU aMathematicsxStudy and teaching aBriggs, Mary aFletcher, Mike aHansen, Alice aMcCullouch, Judith